Laureus World Sports Awards - Statistiques

Statistiques générales
  • Ce quiz a été pris 29 fois
    6 depuis la dernière actualisation
  • Le résultat moyen est 14 sur 30
Statistiques - réponses
Réponse % Correct
Armand Duplantis
100%
Lance Armstrong
100%
Lewis Hamilton
100%
Michael Schumacher
100%
Novak Djokovic
100%
Rafael Nadal
100%
Roger Federer
100%
Serena Williams
100%
Tiger Woods
100%
Usain Bolt
100%
Lionel Messi
75%
Max Verstappen
75%
Sebastian Vettel
50%
Shelly-Ann Fraser-Pryce
50%
Simone Biles
50%
Elaine Thompson-Herah
25%
Justine Henin
25%
Lindsey Vonn
25%
Aitana Bonmatí
0%
Annika Sörenstam
0%
Cathy Freeman
0%
Genzebe Dibaba
0%
Janica Kostelić
0%
Jennifer Capriati
0%
Jessica Ennis
0%
Kelly Holmes
0%
Missy Franklin
0%
Naomi Osaka
0%
Vivian Cheruiyot
0%
Yelena Isinbayeva
0%
Aucun quiz correspondant
Distribution des résultats
% des personnes avec chaque résultat
Percentile par nombre de réponses
Votre historique - résultats
Vous n’avez pas pris ce quiz depuis la dernière actualisation